Culture Générale - Série 2736 - Statistiques

Statistiques générales
  • Ce quiz a été pris 36 fois
  • Le résultat moyen est 5 sur 10
Statistiques - réponses
Question Réponse % Correct
En quelle année a lieu le sacre de Napoléon Bonaparte par Pie VII à Notre-Dame de Paris ? 1804
75%
Quelle partie du corps humain est en charge de faire disparaître les substances toxiques ? foie
75%
En quelle année a été proclamée la Déclaration d'Indépendance des États-Unis d'Amérique ? 1776
63%
Dans le roman de Balzac, comment sont " les illusions" ? perdues
63%
Quel pays d'Afrique a son drapeau presque identique à celui de la Roumanie ? voir photo Tchad
63%
En 1980, dans quel pays la reine Beatrix est-elle montée sur le trône ? Pays-Bas
47%
Quelle grande école française à pour devise “Pour la Patrie, les Sciences et la Gloire” ? Polytechnique
38%
Quelle ville française du Vaucluse est surnommée “La Cité des Princes” ? Orange
34%
Quel est le nom médical pour désigner le gros orteil ? hallux
31%
Quel fruit est aussi appelé “groseille de Chine” ? kiwi
9%
Aucun quiz correspondant
Distribution des résultats
% des personnes avec chaque résultat
Percentile par nombre de réponses
Votre historique - résultats
Vous n’avez pas pris ce quiz